Giải tích : Giáo trình đại học đại cương . t. II /

Tallennettuna:
Bibliografiset tiedot
Päätekijä: Nguyễn Xuân Liêm
Aineistotyyppi: Sách giấy
Kieli:Vietnamese
Julkaistu: Hà Nội : Giáo dục , 1998
Tagit: Lisää tagi
Ei tageja, Lisää ensimmäinen tagi!
Thư viện lưu trữ: Thư viện Trường Đại học Đà Lạt
LEADER 00593nam a2200241 4500
001 DLU020017938
005 ##5/7/2001
020 # # |a 978- 
041 # # |a vie 
082 # # |a 515  |b NG-L 
100 # # |a Nguyễn Xuân Liêm 
245 # # |a Giải tích :  |b Giáo trình đại học đại cương .  |n t. II /  |c Nguyễn Xuân Liêm 
260 # # |a Hà Nội :  |b Giáo dục ,  |c 1998 
300 # # |a 516 tr.;   |c 21 cm. 
992 # # |a 26400 
994 # # |a DLU 
900 # # |a False 
911 # # |a Administrator 
925 # # |a G 
926 # # |a A 
927 # # |a SH 
980 # # |a Thư viện Trường Đại học Đà Lạt